Mes deux maisons /

Guardat en:
Dades bibliogràfiques
Autors principals: Masurel, Claire (Autor), MacDonald Denton, Kady (Autor)
Format: Llibre
Idioma:francès
Publicat: [France] : Bayard Jeunesse, c2001
Edició:3. ed
Etiquetes: Afegir etiqueta
Sense etiquetes, Sigues el primer a etiquetar aquest registre!

MARC

LEADER 00000nam a22000007i 4500
001 IT\ICCU\UBO\3690313
003 ItRI
005 20260115232018.0
008 090917s2001 fr |||||| ||||| |||||c
020 |a 9782747004398 
040 |b ita  |c importazione bologna sebina 
041 7 |a fre  |2 ISO-639-2 
100 1 |a Masurel, Claire  |0 IT\ICCU\TO0V\369629  |4 aut 
245 1 0 |a Mes deux maisons /  |c Claire Masurel ; illustrations de Kady MacDonald Denton. 
250 |a 3. ed 
260 |a [France] :  |b Bayard Jeunesse,  |c c2001 
300 |a 1 v. :  |b ill. ;  |c 24x26 cm. 
700 1 |a MacDonald Denton, Kady  |0 IT\ICCU\MODV\243668  |4 aut 
942 |2 ddc  |c BK  |n 0 
952 |0 0  |1 0  |4 0  |6 R_741_642000000000000_MAS  |7 0  |9 18882  |a BO  |b BO  |d 2026-01-15  |i 13100  |l 0  |o R 741.642 MAS  |p BO13100  |r 2026-01-15 23:20:18  |w 2026-01-15  |x [Sebina 5] [1 v.]  |y BK  |z 1 v. 
999 |c 16042  |d 16042